[Event "South Wales New Year Open"]
[Site "Bridgend"]
[Date "2018.01.05"]
[Round "1.1"]
[White "Taylor, Robert Graham"]
[Black "Kett, Tim"]
[Result "1/2-1/2"]
[WhiteElo "1927"]
[BlackElo "2223"]
[PlyCount "111"]
[EventDate "2018.01.06"]
[EventType "swiss"]
[EventRounds "5"]
[EventCountry "WLS"]
[SourceDate "2018.01.06"]

1. Nf3 d5 2. b3 Nf6 3. Bb2 g6 4. d3 Bg7 5. Nbd2 O-O 6. c4 c5 7. g3 d4 8. b4 Nc6
9. bxc5 Nd7 10. Nb3 Nxc5 11. Bg2 Na4 12. Ba3 Nc3 13. Qc2 Re8 14. O-O e5 15.
Nfd2 Nxe2+ 16. Kh1 Nc3 17. Ne4 Nxe4 18. Bxe4 Bh3 19. Rg1 Qc8 20. Rab1 Bf5 21.
Bd5 Bf8 22. Bxf8 Rxf8 23. Qd2 b6 24. f4 Qc7 25. fxe5 Rad8 26. Rgf1 Bc8 27. Rbe1
Ne7 28. Be4 Bb7 29. Rf4 Nc6 30. Kg1 Rde8 31. Bxc6 Qxc6 32. Ree4 f5 33. exf6
Rxe4 34. dxe4 Rxf6 35. Nxd4 Qd6 36. Qe3 Rxf4 37. gxf4 Qb4 38. f5 Qb1+ 39. Kf2
Bxe4 40. fxg6 hxg6 41. Ne2 Qd3 42. Qxd3 Bxd3 43. Nf4 Bxc4 44. Nxg6 Bxa2 45. Ke3
Kf7 46. Ne5+ Ke6 47. Nc6 a6 48. Nb4 Bc4 49. Kd4 Bf1 50. Nd5 b5 51. Nc7+ Kf5 52.
Nxa6 Kg4 53. Kc5 Kh3 54. Nc7 Kxh2 55. Nxb5 Bxb5 56. Kxb5 1/2-1/2

[Event "South Wales New Year Open"]
[Site "Bridgend"]
[Date "2018.01.05"]
[Round "1.2"]
[White "Blackburn, Jonathan L B"]
[Black "Robinson, David"]
[Result "1-0"]
[WhiteElo "2194"]
[BlackElo "1925"]
[PlyCount "73"]
[EventDate "2018.01.06"]
[EventType "swiss"]
[EventRounds "5"]
[EventCountry "WLS"]
[SourceDate "2018.01.06"]

1. d4 d5 2. c4 e6 3. Nc3 c5 4. cxd5 exd5 5. Nf3 Nc6 6. dxc5 d4 7. Na4 Bxc5 8.
Nxc5 Qa5+ 9. Bd2 Qxc5 10. Rc1 Qb6 11. e3 Bg4 12. Be2 dxe3 13. Bxe3 Qa5+ 14. Bd2
Qf5 15. h3 Bxf3 16. Bxf3 Nge7 17. Bxc6+ Nxc6 18. Qe2+ Qe6 19. Qxe6+ fxe6 20.
Bc3 Kf7 21. O-O Rad8 22. Rfe1 Rd5 23. Re4 Re8 24. Rce1 b5 25. a4 a6 26. axb5
axb5 27. Ra1 Rd6 28. Ra6 Red8 29. Kh2 Ne7 30. Ra5 Rd5 31. Rg4 g6 32. Rf4+ Ke8
33. Rf6 R8d6 34. Bb4 Rc6 35. Ra8+ Rd8 36. Rxd8+ Kxd8 37. Rf8+ 1-0

[Event "South Wales New Year Open"]
[Site "Bridgend"]
[Date "2018.01.05"]
[Round "1.3"]
[White "Waterfield, John W"]
[Black "Pleasants, Allan J"]
[Result "1-0"]
[WhiteElo "1925"]
[BlackElo "2139"]
[PlyCount "85"]
[EventDate "2018.01.06"]
[EventType "swiss"]
[EventRounds "5"]
[EventCountry "WLS"]
[SourceDate "2018.01.06"]

1. e4 g6 2. d4 d6 3. Nc3 Bg7 4. f4 Nf6 5. Nf3 c5 6. dxc5 Qa5 7. Qd4 O-O 8. cxd6
Nc6 9. Qd2 exd6 10. Bd3 Re8 11. O-O Bg4 12. Nd5 Qc5+ 13. Qe3 Nxd5 14. Qxc5 dxc5
15. exd5 Nb4 16. h3 Bd7 17. Rd1 Nxd5 18. c3 Bc6 19. Kf2 Rad8 20. f5 Ba4 21. Re1
Rxe1 22. Nxe1 Nxc3 23. Bg5 Rxd3 24. Nxd3 Ne4+ 25. Ke3 Nxg5 26. Nxc5 Bc6 27. h4
Bf8 28. Rc1 Bxc5+ 29. Rxc5 Ne4 30. Rxc6 bxc6 31. Kxe4 Kf8 32. fxg6 fxg6 33. b4
Kf7 34. Ke5 Ke7 35. g4 h6 36. h5 gxh5 37. gxh5 a6 38. a4 Kd7 39. Kf6 a5 40.
bxa5 c5 41. Ke5 Kc6 42. a6 c4 43. Kd4 1-0

[Event "South Wales New Year Open"]
[Site "Bridgend"]
[Date "2018.01.05"]
[Round "1.4"]
[White "Bullen, Alex"]
[Black "Parry, Matthew"]
[Result "1-0"]
[WhiteElo "2098"]
[BlackElo "1903"]
[PlyCount "41"]
[EventDate "2018.01.06"]
[EventType "swiss"]
[EventRounds "5"]
[EventCountry "WLS"]
[SourceDate "2018.01.06"]

1. d4 Nf6 2. Nf3 e6 3. Bf4 c5 4. e3 Nc6 5. c3 Be7 6. Nbd2 d5 7. Bd3 O-O 8. O-O
cxd4 9. exd4 Ne8 10. Ne5 Nxe5 11. dxe5 g6 12. Qf3 Bd7 13. Qh3 Ng7 14. Nf3 f5
15. Qh6 Nh5 16. Ng5 Bxg5 17. Bxg5 Qb6 18. b4 Rac8 19. Be3 Qd8 20. Rac1 Qh4 21.
Bg5 1-0

[Event "South Wales New Year Open"]
[Site "Bridgend"]
[Date "2018.01.05"]
[Round "1.5"]
[White "Turner, Joseph David"]
[Black "Brown, Thomas"]
[Result "1/2-1/2"]
[WhiteElo "1889"]
[BlackElo "2064"]
[PlyCount "83"]
[EventDate "2018.01.06"]
[EventType "swiss"]
[EventRounds "5"]
[EventCountry "WLS"]
[SourceDate "2018.01.06"]

1. e4 c5 2. Nf3 Nc6 3. d4 cxd4 4. Nxd4 g6 5. Nxc6 bxc6 6. Qd4 Nf6 7. e5 Nd5 8.
e6 Nf6 9. exf7+ Kxf7 10. Nc3 Bg7 11. Bc4+ d5 12. Bb3 e6 13. Be3 Ne4 14. Qd3 Qa5
15. Bd4 e5 16. O-O-O Bh6+ 17. Kb1 Nd2+ 18. Rxd2 Bf5 19. Qe2 exd4 20. Rxd4 Rae8
21. Qf3 Kg7 22. g4 Be6 23. Qg3 Bg5 24. f4 Bf6 25. Ra4 Qc7 26. Qf2 a5 27. f5 Bd7
28. fxg6 hxg6 29. Rf4 Rhf8 30. Rf1 Qxf4 31. Qxf4 Bxc3 32. bxc3 Re1+ 33. Kb2
Rxf1 34. Qe5+ Kh7 35. Qe7+ R8f7 36. Qh4+ Kg7 37. g5 Bf5 38. Qd4+ Kh7 39. Qh4+
Kg7 40. c4 Be4 41. Qg3 R1f5 42. Qc3+ 1/2-1/2

[Event "South Wales New Year Open"]
[Site "Bridgend"]
[Date "2018.01.05"]
[Round "1.6"]
[White "Young, Alan"]
[Black "Howells, Chris"]
[Result "1-0"]
[WhiteElo "2023"]
[BlackElo "1860"]
[PlyCount "69"]
[EventDate "2018.01.06"]
[EventType "swiss"]
[EventRounds "5"]
[EventCountry "WLS"]
[SourceDate "2018.01.06"]

1. e4 e5 2. Nf3 Nc6 3. Bb5 Nge7 4. Nc3 d6 5. d4 exd4 6. Nxd4 Bd7 7. Nxc6 Nxc6
8. O-O Be7 9. Be3 Bf6 10. Qd2 Ne5 11. Be2 O-O 12. h3 Be6 13. Nd5 Bxd5 14. Qxd5
Nc6 15. c3 a6 16. Rad1 Qe7 17. f4 Rfe8 18. Bf3 Qe6 19. Bf2 Qxd5 20. Rxd5 Rad8
21. g4 Ne7 22. Rd3 g5 23. fxg5 Bxg5 24. h4 Bf4 25. Bg2 Be5 26. h5 Nc6 27. Bh4
Rb8 28. Rdf3 Rf8 29. Rf5 h6 30. Bh3 Rbe8 31. g5 Bg7 32. gxh6 Bxh6 33. Bg5 Bxg5
34. Rxg5+ Kh8 35. Rf6 1-0

[Event "South Wales New Year Open"]
[Site "Bridgend"]
[Date "2018.01.05"]
[Round "1.7"]
[White "Jukes, Sam"]
[Black "Ralphs, Nigel"]
[Result "1-0"]
[WhiteElo "1740"]
[BlackElo "2018"]
[PlyCount "75"]
[EventDate "2018.01.06"]
[EventType "swiss"]
[EventRounds "5"]
[EventCountry "WLS"]
[SourceDate "2018.01.06"]

1. e4 e5 2. Nf3 Nc6 3. Bc4 Bc5 4. c3 Nf6 5. d3 a6 6. Bb3 Ba7 7. O-O d6 8. Nbd2
O-O 9. Nc4 h6 10. Qe2 Re8 11. Ne3 Be6 12. Bxe6 fxe6 13. h3 Rf8 14. Kh2 Qe8 15.
Ng1 Nh5 16. g3 Qg6 17. Qg4 Ne7 18. Qxg6 Nxg6 19. Kg2 d5 20. exd5 exd5 21. Ng4
Nf6 22. Bd2 Nxg4 23. hxg4 e4 24. dxe4 dxe4 25. Rae1 Rae8 26. Be3 Bxe3 27. Rxe3
Re5 28. Nh3 Rd5 29. Rfe1 Rd2 30. R1e2 Rfd8 31. Rxe4 Kf7 32. g5 Rxe2 33. Rxe2
hxg5 34. Nxg5+ Kf6 35. f4 Nf8 36. Kf3 Rd3+ 37. Re3 Rd1 38. Re8 1-0

[Event "South Wales New Year Open"]
[Site "Bridgend"]
[Date "2018.01.05"]
[Round "1.8"]
[White "Ehsandar, Peter"]
[Black "Francis, Matthew"]
[Result "1-0"]
[WhiteElo "1987"]
[BlackElo "1706"]
[PlyCount "93"]
[EventDate "2018.01.06"]
[EventType "swiss"]
[EventRounds "5"]
[EventCountry "WLS"]
[SourceDate "2018.01.06"]

1. e4 c5 2. Nf3 a6 3. d4 cxd4 4. Nxd4 Nf6 5. Nc3 e5 6. Nde2 Bc5 7. Ng3 O-O 8.
Be2 d6 9. O-O Nc6 10. Re1 Nd4 11. Bg5 h6 12. Bxf6 Qxf6 13. b4 Ba7 14. Nd5 Qh4
15. c3 Nxe2+ 16. Qxe2 Bg4 17. Qd3 Rac8 18. a4 Be6 19. Rec1 Qd8 20. Rab1 Bxd5
21. Qxd5 Qb6 22. Qd2 Rc4 23. a5 Qc7 24. Qd3 g6 25. h4 Rc8 26. Rb3 Bd4 27. Ne2
Qe7 28. h5 Qh4 29. Rf1 Ba7 30. hxg6 Qxe4 31. gxf7+ Kxf7 32. Rd1 Qxd3 33. Rxd3
Bb8 34. Rb1 Rg8 35. Rbd1 Rg6 36. Rf3+ Rf6 37. Rdd3 Rxf3 38. Rxf3+ Kg7 39. Kf1
Bc7 40. Ke1 Bd8 41. Kd2 Bf6 42. Ng3 e4 43. Nh5+ Kg6 44. Rxf6+ Kxh5 45. Rxd6 Rc6
46. Rxc6 bxc6 47. c4 1-0

[Event "South Wales New Year Open"]
[Site "Bridgend"]
[Date "2018.01.05"]
[Round "1.9"]
[White "Lewis, David"]
[Black "Van Kemenade, Rudy"]
[Result "0-1"]
[WhiteElo "1691"]
[BlackElo "1969"]
[PlyCount "64"]
[EventDate "2018.01.06"]
[EventType "swiss"]
[EventRounds "5"]
[EventCountry "WLS"]
[SourceDate "2018.01.06"]

1. e4 e5 2. Nf3 Nf6 3. Nxe5 d6 4. Nf3 Nxe4 5. d4 d5 6. Bd3 Nc6 7. O-O Bg4 8. c3
Be7 9. Re1 f5 10. Nbd2 O-O 11. Qc2 Bd6 12. b4 a6 13. a4 Kh8 14. Bb2 Qf6 15. b5
axb5 16. axb5 Rxa1 17. Bxa1 Nd8 18. Ne5 Bxe5 19. dxe5 Qxe5 20. f3 Qf4 21. fxe4
fxe4 22. Nxe4 dxe4 23. Rxe4 Qg5 24. c4 Nf7 25. Bd4 Bf5 26. Re3 Bxd3 27. Qxd3
Nd6 28. h4 Qxh4 29. Rh3 Qe4 30. Rg3 Qxd3 31. Bxg7+ Kg8 32. Be5+ Qxg3 0-1

[Event "South Wales New Year Open"]
[Site "Bridgend"]
[Date "2018.01.05"]
[Round "1.10"]
[White "Cooke, Suzie G."]
[Black "Morgans, Justin"]
[Result "1/2-1/2"]
[WhiteElo "1954"]
[BlackElo "1649"]
[PlyCount "77"]
[EventDate "2018.01.06"]
[EventType "swiss"]
[EventRounds "5"]
[EventCountry "WLS"]
[SourceDate "2018.01.06"]

1. d4 f5 2. Nf3 Nf6 3. b3 e6 4. Bb2 d5 5. e3 Bd6 6. Bd3 O-O 7. c4 c6 8. Nbd2
Bd7 9. O-O Be8 10. Ne5 Nbd7 11. h3 Ne4 12. Be2 Nxd2 13. Qxd2 Nf6 14. f4 Ne4 15.
Qe1 Be7 16. Bf3 Bh4 17. Qc1 Ng3 18. Rd1 Bh5 19. Kh2 g5 20. Ba3 Bxf3 21. Nxf3
Ne4 22. Nxh4 gxh4 23. Bxf8 Qxf8 24. g4 hxg3+ 25. Kg2 h5 26. h4 Qe7 27. Rh1 Kf7
28. Qd1 Kg6 29. Qf3 Rg8 30. Rh3 Kh6 31. c5 Rg4 32. b4 a6 33. a4 Qg7 34. Ra2 Nc3
35. Ra3 Ne4 36. Ra2 Nc3 37. Rc2 Ne4 38. Rb2 Qd7 39. Qe2 1/2-1/2

[Event "South Wales New Year Open"]
[Site "Bridgend"]
[Date "2018.01.05"]
[Round "1.11"]
[White "Probert, Malcolm"]
[Black "Bevan, Peter M"]
[Result "0-1"]
[WhiteElo "1614"]
[BlackElo "1951"]
[PlyCount "134"]
[EventDate "2018.01.06"]
[EventType "swiss"]
[EventRounds "5"]
[EventCountry "WLS"]
[SourceDate "2018.01.06"]

1. Nf3 d5 2. g3 c6 3. Bg2 Bf5 4. b3 Nd7 5. O-O e5 6. d3 Ngf6 7. c4 d4 8. e3
dxe3 9. fxe3 Qc7 10. d4 O-O-O 11. Nxe5 Nxe5 12. Rxf5 h5 13. Qe2 Neg4 14. Ba3
Bxa3 15. Nxa3 h4 16. Rf3 hxg3 17. Rxg3 Rh4 18. Bh3 Rdh8 19. Rxg4 Rxh3 20. Rg2
Qe7 21. Nc2 R8h4 22. Rf1 Nh5 23. Rf3 Qe6 24. Rxh3 Qxh3 25. Qf2 f5 26. Rg5 Rg4+
27. Rxg4 Qxg4+ 28. Kh1 g5 29. Ne1 Qe4+ 30. Kg1 f4 31. Qf3 Qb1 32. Qf2 Qc1 33.
exf4 Nxf4 34. Kf1 Kc7 35. c5 a6 36. Qg3 Qd2 37. Qf2 Qd1 38. Qe3 Kb8 39. Qf2 Ka7
40. Qe3 Qb1 41. Qd2 Qe4 42. Qf2 Qb1 43. Qd2 Qh7 44. Qf2 Qh3+ 45. Kg1 Qg4+ 46.
Kh1 Nh3 47. Qe3 Qf5 48. Qf3 Qb1 49. Qe2 Nf4 50. Qd2 Qe4+ 51. Kg1 Ne2+ 52. Kf1
Nxd4 53. Qf2 Qh1+ 54. Qg1 Qd5 55. Qf2 Nf5 56. Nf3 g4 57. Ne1 Nd4 58. Nd3 Qh1+
59. Qg1 Qf3+ 60. Nf2 Qe2+ 61. Kg2 Qxa2 62. Kh1 Qxb3 63. Qxg4 Qd5+ 64. Ne4 Nb3
65. Qg2 Qd1+ 66. Qg1 Qd5 67. Qe3 a5 0-1

[Event "South Wales New Year Open"]
[Site "Bridgend"]
[Date "2018.01.05"]
[Round "1.12"]
[White "Morcom, Huw"]
[Black "Jaberansari, Daniel"]
[Result "1-0"]
[WhiteElo "1940"]
[BlackElo "1451"]
[PlyCount "59"]
[EventDate "2018.01.06"]
[EventType "swiss"]
[EventRounds "5"]
[EventCountry "WLS"]
[SourceDate "2018.01.06"]

1. e4 e6 2. d4 d5 3. e5 c5 4. c3 Nc6 5. a3 f6 6. f4 Qb6 7. Nf3 a5 8. Be2 a4 9.
O-O f5 10. Kh1 Nh6 11. c4 cxd4 12. cxd5 exd5 13. Ng5 Be7 14. Bf3 Qb5 15. Bh5+
g6 16. Be2 Qb6 17. Nc3 dxc3 18. bxc3 Qb3 19. Qd3 Nf7 20. Rb1 Qc4 21. Qd2 Qc5
22. Rb5 Qa7 23. Qxd5 Nxg5 24. fxg5 Qb8 25. Bc4 Rf8 26. Bf4 Ra7 27. Qxc6+ Bd7
28. Qd5 Bc8 29. e6 Qa8 30. Rxb7 1-0

[Event "South Wales New Year Open"]
[Site "Bridgend"]
[Date "2018.01.06"]
[Round "2.1"]
[White "Van Kemenade, Rudy"]
[Black "Blackburn, Jonathan L B"]
[Result "0-1"]
[WhiteElo "1969"]
[BlackElo "2194"]
[PlyCount "76"]
[EventDate "2018.01.06"]
[EventType "swiss"]
[EventRounds "5"]
[EventCountry "WLS"]
[SourceDate "2018.01.06"]

1. f4 d5 2. Nf3 Bg4 3. e3 Bxf3 4. Qxf3 c6 5. c4 e6 6. b3 Nd7 7. Bb2 Nc5 8. cxd5
Qxd5 9. Qxd5 exd5 10. d3 Nh6 11. Na3 Nf5 12. Nc2 h5 13. O-O-O Be7 14. Be2 Rh7
15. Rhe1 g6 16. g3 Nd6 17. e4 dxe4 18. dxe4 Ncxe4 19. Bf3 f5 20. Nd4 Nf2 21.
Rd2 Nde4 22. Bxe4 Nxe4 23. Rc2 O-O-O 24. Nf3 Bb4 25. Rf1 Rhd7 26. Ne5 Rd2 27.
Nf3 Rxc2+ 28. Kxc2 Nd2 29. Rf2 Nxf3 30. Rxf3 Rd2+ 31. Kc1 Rxh2 32. a3 Bd6 33.
Rd3 Kc7 34. Re3 Rh3 35. Kd2 h4 36. gxh4 Rh2+ 37. Kc3 Bxf4 38. Re7+ Kd6 0-1

[Event "South Wales New Year Open"]
[Site "Bridgend"]
[Date "2018.01.06"]
[Round "2.2"]
[White "Morcom, Huw"]
[Black "Bullen, Alex"]
[Result "0-1"]
[WhiteElo "1940"]
[BlackElo "2098"]
[PlyCount "38"]
[EventDate "2018.01.06"]
[EventType "swiss"]
[EventRounds "5"]
[EventCountry "WLS"]
[SourceDate "2018.01.06"]

1. Nf3 d5 2. d3 Nf6 3. Nbd2 Nbd7 4. e4 e5 5. Be2 c6 6. O-O Bd6 7. c3 O-O 8. Qc2
b5 9. Re1 a5 10. Nf1 h6 11. Ng3 Re8 12. h3 Bb7 13. Nf5 Bf8 14. Bf1 c5 15. Ng3
c4 16. exd5 Bxd5 17. Be3 cxd3 18. Bxd3 e4 19. Nxe4 Bxe4 0-1

[Event "South Wales New Year Open"]
[Site "Bridgend"]
[Date "2018.01.06"]
[Round "2.3"]
[White "Waterfield, John W"]
[Black "Young, Alan"]
[Result "0-1"]
[WhiteElo "1925"]
[BlackElo "2023"]
[PlyCount "48"]
[EventDate "2018.01.06"]
[EventType "swiss"]
[EventRounds "5"]
[EventCountry "WLS"]
[SourceDate "2018.01.06"]

1. e4 e5 2. f4 exf4 3. Nf3 g5 4. Nc3 Nc6 5. d4 Bg7 6. d5 Ne5 7. g3 fxg3 8. hxg3
h6 9. Nd4 d6 10. Be2 Nf6 11. Be3 O-O 12. Qd2 Re8 13. O-O-O Neg4 14. Bd3 Nxe3
15. Qxe3 Bd7 16. Qg1 c6 17. Rf1 Rc8 18. Nf5 Bxf5 19. Rxf5 cxd5 20. exd5 Ng4 21.
Ne4 Qa5 22. Kb1 Rxe4 23. Bxe4 Qb4 24. b3 Qxe4 0-1

[Event "South Wales New Year Open"]
[Site "Bridgend"]
[Date "2018.01.06"]
[Round "2.4"]
[White "Jukes, Sam"]
[Black "Ehsandar, Peter"]
[Result "0-1"]
[WhiteElo "1740"]
[BlackElo "1987"]
[PlyCount "74"]
[EventDate "2018.01.06"]
[EventType "swiss"]
[EventRounds "5"]
[EventCountry "WLS"]
[SourceDate "2018.01.06"]

1. e4 c5 2. d4 cxd4 3. c3 dxc3 4. Nxc3 g6 5. Bc4 Bg7 6. Nf3 Nc6 7. O-O e6 8.
Bf4 a6 9. Qe2 Nge7 10. e5 h6 11. Rad1 g5 12. Bg3 Ng6 13. h3 h5 14. Ne4 g4 15.
Nd6+ Kf8 16. hxg4 hxg4 17. Nd4 Ncxe5 18. Nxf7 Kxf7 19. Nxe6 Qf6 20. Nc5+ Kf8
21. Rfe1 Nf4 22. Qe4 Qh6 23. Nxd7+ Bxd7 24. Qxf4+ Qxf4 25. Bxf4 Nxc4 26. Rxd7
Bf6 27. g3 Re8 28. Rc1 Nxb2 29. Rcc7 Re1+ 30. Kg2 Be7 31. Rc8+ Kg7 32. Rcc7 Kf6
33. Rxb7 Rhh1 34. f3 Reg1+ 35. Kf2 Bc5+ 36. Be3 Rf1+ 37. Kg2 gxf3# 0-1

[Event "South Wales New Year Open"]
[Site "Bridgend"]
[Date "2018.01.06"]
[Round "2.5"]
[White "Kett, Tim"]
[Black "Timmins, Chris P"]
[Result "1-0"]
[WhiteElo "2223"]
[BlackElo "1822"]
[PlyCount "63"]
[EventDate "2018.01.06"]
[EventType "swiss"]
[EventRounds "5"]
[EventCountry "WLS"]
[SourceDate "2018.01.06"]

1. d4 Nf6 2. Nf3 g6 3. g3 Bg7 4. Bg2 O-O 5. O-O d5 6. b3 Ne4 7. Bb2 c5 8. Nbd2
Nc6 9. e3 Bf5 10. c3 Qa5 11. Nh4 Nxd2 12. Qxd2 Be4 13. f3 Bf5 14. Nxf5 gxf5 15.
Qd3 e6 16. g4 cxd4 17. cxd4 Nb4 18. Qd2 Rfc8 19. Bc3 Rxc3 20. Qxc3 Qb5 21. gxf5
exf5 22. f4 a5 23. a3 Nc6 24. Rad1 Re8 25. Qd3 Qb6 26. Bxd5 Ne7 27. Bg2 Rd8 28.
Rf2 Qg6 29. Kh1 Nd5 30. Rg1 Qh5 31. Bf3 Qh4 32. Rfg2 1-0

[Event "South Wales New Year Open"]
[Site "Bridgend"]
[Date "2018.01.06"]
[Round "2.6"]
[White "Brown, Thomas"]
[Black "Haigh, Tony"]
[Result "1-0"]
[WhiteElo "2064"]
[BlackElo "1816"]
[PlyCount "79"]
[EventDate "2018.01.06"]
[EventType "swiss"]
[EventRounds "5"]
[EventCountry "WLS"]
[SourceDate "2018.01.06"]

1. d4 f5 2. g3 Nf6 3. Bg2 e6 4. c4 Bb4+ 5. Bd2 Qe7 6. a3 Bxd2+ 7. Qxd2 O-O 8.
Nc3 d6 9. Nf3 e5 10. dxe5 dxe5 11. Nd5 Qd6 12. Nxf6+ Rxf6 13. Rd1 e4 14. Nd4
Nd7 15. Qc3 Qe7 16. O-O Ne5 17. f3 exf3 18. exf3 Qc5 19. f4 Nf7 20. b4 Qf8 21.
Rfe1 Nd8 22. Re2 Bd7 23. Nb5 Bxb5 24. cxb5 c6 25. Rde1 Qd6 26. Re8+ Rf8 27.
R8e7 Qf6 28. Qc4+ Kh8 29. Rd7 cxb5 30. Qxb5 a6 31. Qe5 Nc6 32. Qxf6 Rxf6 33.
Rxb7 Rd8 34. Rb6 Nd4 35. Rxf6 gxf6 36. Bb7 Rd7 37. Re8+ Kg7 38. Bxa6 Nc2 39. b5
Nxa3 40. b6 1-0

[Event "South Wales New Year Open"]
[Site "Bridgend"]
[Date "2018.01.06"]
[Round "2.7"]
[White "Stuart, Neil"]
[Black "Cooke, Suzie G."]
[Result "1-0"]
[WhiteElo "1740"]
[BlackElo "1954"]
[PlyCount "75"]
[EventDate "2018.01.06"]
[EventType "swiss"]
[EventRounds "5"]
[EventCountry "WLS"]
[SourceDate "2018.01.06"]

1. d4 e6 2. Nf3 Nf6 3. Bg5 c5 4. e3 d5 5. c3 Be7 6. Bd3 Nc6 7. O-O O-O 8. Nbd2
h6 9. Bh4 c4 10. Bc2 b5 11. e4 b4 12. exd5 exd5 13. Re1 Bg4 14. h3 Bh5 15. g4
Bg6 16. Bxg6 fxg6 17. Qc2 bxc3 18. bxc3 Ne4 19. Bxe7 Nxe7 20. Re3 Nxd2 21. Qxd2
Nc8 22. Ne5 Rf6 23. Qc2 g5 24. Rae1 Nd6 25. Nc6 Qd7 26. Ne7+ Kh8 27. Nxd5 Rf7
28. Re7 Qc6 29. Rxf7 Nxf7 30. Ne7 Qf6 31. Qe4 Rb8 32. Ng6+ Kh7 33. Ne5+ Kh8 34.
Nd7 Nd6 35. Qc6 Qd8 36. Nxb8 Qxb8 37. Re6 Qb1+ 38. Kg2 1-0

[Event "South Wales New Year Open"]
[Site "Bridgend"]
[Date "2018.01.06"]
[Round "2.8"]
[White "Sivarajasingam, Venetia"]
[Black "Taylor, Robert Graham"]
[Result "1-0"]
[WhiteElo "1731"]
[BlackElo "1927"]
[PlyCount "87"]
[EventDate "2018.01.06"]
[EventType "swiss"]
[EventRounds "5"]
[EventCountry "WLS"]
[SourceDate "2018.01.06"]

1. e4 c5 2. Nf3 e6 3. c4 Nc6 4. Nc3 d6 5. d4 cxd4 6. Nxd4 Nf6 7. Be2 a6 8. Be3
Be7 9. O-O O-O 10. Qd2 Bd7 11. Rad1 Qc7 12. f3 Nxd4 13. Bxd4 Bc6 14. Rc1 Qd8
15. Rfd1 Nd7 16. Be3 Nc5 17. b3 Be8 18. e5 Nd7 19. exd6 Bf6 20. Ne4 b6 21. Kh1
Kh8 22. Nxf6 gxf6 23. Bf2 Rg8 24. Qe3 a5 25. Rd4 Rc8 26. Rh4 Nf8 27. Qxb6 Ng6
28. Qxd8 Rxd8 29. Rd4 e5 30. Rd2 Nf4 31. Bf1 Bc6 32. Bb6 Rd7 33. Be3 Ne6 34. c5
Rb8 35. Bc4 a4 36. Rb1 Kg7 37. b4 Rbd8 38. b5 Ba8 39. Rbd1 Rc8 40. c6 Bxc6 41.
bxc6 Rxc6 42. Bb5 Rc3 43. Bxd7 Rxe3 44. Bxe6 1-0

[Event "South Wales New Year Open"]
[Site "Bridgend"]
[Date "2018.01.06"]
[Round "2.9"]
[White "White, Ernest M"]
[Black "Denham, Colin"]
[Result "0-1"]
[WhiteElo "1824"]
[BlackElo "1652"]
[PlyCount "66"]
[EventDate "2018.01.06"]
[EventType "swiss"]
[EventRounds "5"]
[EventCountry "WLS"]
[SourceDate "2018.01.06"]

1. e4 e6 2. d4 d5 3. e5 c5 4. c3 cxd4 5. cxd4 Nc6 6. Nf3 a6 7. a3 Nge7 8. b4 b5
9. Bb2 Qb6 10. Nbd2 a5 11. bxa5 Nxa5 12. Bd3 Nec6 13. O-O Nc4 14. Bxc4 bxc4 15.
Qc2 Be7 16. Rfb1 O-O 17. h3 Bd7 18. Qc3 Ra6 19. Ne1 Rfa8 20. Nc2 Na5 21. Bc1
Qa7 22. Qg3 Ba4 23. Ne3 Qxd4 24. Nf3 Qc5 25. Ng4 Bc2 26. Nf6+ Kh8 27. Ng5 Bg6
28. h4 gxf6 29. h5 fxg5 30. hxg6 fxg6 31. Bxg5 Bxg5 32. Qxg5 Rf8 33. Rb8 Qxf2+
0-1

[Event "South Wales New Year Open"]
[Site "Bridgend"]
[Date "2018.01.06"]
[Round "2.10"]
[White "Pleasants, Allan J"]
[Black "Turner, Joseph David"]
[Result "1-0"]
[WhiteElo "2139"]
[BlackElo "1889"]
[PlyCount "51"]
[EventDate "2018.01.06"]
[EventType "swiss"]
[EventRounds "5"]
[EventCountry "WLS"]
[SourceDate "2018.01.06"]

1. e4 e5 2. Nf3 Nc6 3. Bb5 Nf6 4. O-O Ng4 5. d4 Qf6 6. Nc3 Bd6 7. h3 h5 8. Nd5
Qg6 9. Re1 Kf8 10. c3 exd4 11. cxd4 Nxf2 12. Kxf2 Bg3+ 13. Kf1 Bxe1 14. Qxe1 a6
15. Bd3 d6 16. Nxc7 Rb8 17. Bf4 Bd7 18. d5 Ne7 19. Qb4 Nc8 20. Nxa6 bxa6 21.
Qxb8 h4 22. Rc1 Ke7 23. Bxa6 f5 24. e5 dxe5 25. Bg5+ Kf8 26. Bxc8 1-0

[Event "South Wales New Year Open"]
[Site "Bridgend"]
[Date "2018.01.06"]
[Round "2.11"]
[White "Ralphs, Nigel"]
[Black "Francis, Matthew"]
[Result "1-0"]
[WhiteElo "2018"]
[BlackElo "1706"]
[PlyCount "123"]
[EventDate "2018.01.06"]
[EventType "swiss"]
[EventRounds "5"]
[EventCountry "WLS"]
[SourceDate "2018.01.06"]

1. e4 c5 2. Nf3 a6 3. c3 d5 4. exd5 Qxd5 5. d4 Nc6 6. Be2 cxd4 7. cxd4 e6 8.
O-O Nf6 9. Nc3 Qd8 10. Be3 Be7 11. Rc1 O-O 12. Qd2 Nb4 13. Rfd1 Nbd5 14. Ne5
Bd7 15. Bd3 Rc8 16. Qe2 Nxc3 17. Rxc3 Rxc3 18. bxc3 Ba4 19. Rb1 Qc7 20. c4 Bc6
21. Nxc6 Qxc6 22. Qf3 Qxf3 23. gxf3 b5 24. cxb5 axb5 25. Bxb5 Nd5 26. a4 Nc3
27. Rb3 Nxb5 28. axb5 Rb8 29. Kf1 Kf8 30. Ke2 Ke8 31. Kd3 Kd7 32. Bf4 Rb7 33.
Kc4 g5 34. Be5 f6 35. Bg3 f5 36. Be5 Bd6 37. Bxd6 Kxd6 38. b6 Kc6 39. d5+ exd5+
40. Kd4 Kd6 41. Rb5 Kc6 42. Rxd5 Rxb6 43. Rxf5 Rb4+ 44. Ke5 Rh4 45. Rxg5 Rxh2
46. f4 Rxf2 47. Rh5 Re2+ 48. Kf6 Kd6 49. Rxh7 Rf2 50. f5 Rf1 51. Rh2 Kd7 52.
Re2 Rf3 53. Kg6 Rg3+ 54. Kf7 Rf3 55. Rd2+ Kc6 56. f6 Rg3 57. Kf8 Rf3 58. f7 Rg3
59. Rd8 Rg4 60. Ke7 Re4+ 61. Kf6 Rf4+ 62. Kg6 1-0

[Event "South Wales New Year Open"]
[Site "Bridgend"]
[Date "2018.01.06"]
[Round "2.12"]
[White "Robinson, David"]
[Black "Lewis, David"]
[Result "1/2-1/2"]
[WhiteElo "1925"]
[BlackElo "1691"]
[PlyCount "82"]
[EventDate "2018.01.06"]
[EventType "swiss"]
[EventRounds "5"]
[EventCountry "WLS"]
[SourceDate "2018.01.06"]

1. d4 Nf6 2. Nf3 d5 3. Bf4 e6 4. e3 Nbd7 5. Nbd2 Be7 6. Bd3 c5 7. c3 O-O 8. Ne5
c4 9. Bc2 Re8 10. Qf3 g6 11. O-O Bf8 12. Rfe1 Bg7 13. Bg5 Qb6 14. Rab1 Nxe5 15.
dxe5 Nd7 16. Qg3 Nxe5 17. Bf4 Nd7 18. e4 Nf6 19. e5 Nh5 20. Qg4 Nxf4 21. Qxf4
Bd7 22. Nf3 Bc6 23. Re3 Rf8 24. Qg3 Rae8 25. h4 Qd8 26. Rbe1 f5 27. exf6 Qxf6
28. Qd6 e5 29. Qxf6 Bxf6 30. Nxe5 Bxh4 31. g3 Bf6 32. Nxc6 Rxe3 33. Rxe3 bxc6
34. Re6 d4 35. Rxc6 dxc3 36. bxc3 Bxc3 37. Rxc4 Be1 38. Rf4 Rxf4 39. gxf4 Kf7
40. Kg2 Kf6 41. Kg3 h5 1/2-1/2

[Event "South Wales New Year Open"]
[Site "Bridgend"]
[Date "2018.01.06"]
[Round "2.13"]
[White "Parry, Matthew"]
[Black "Probert, Malcolm"]
[Result "1-0"]
[WhiteElo "1903"]
[BlackElo "1614"]
[PlyCount "67"]
[EventDate "2018.01.06"]
[EventType "swiss"]
[EventRounds "5"]
[EventCountry "WLS"]
[SourceDate "2018.01.06"]

1. d4 g6 2. c4 Bg7 3. Nc3 d6 4. e4 Nd7 5. f4 e5 6. fxe5 dxe5 7. d5 Qh4+ 8. g3
Qe7 9. Be3 a6 10. Nf3 Ngf6 11. Nd2 O-O 12. Be2 Ne8 13. Qc2 Ndf6 14. h3 c5 15.
Na4 Nd7 16. b4 cxb4 17. c5 f5 18. d6 Qf6 19. exf5 e4 20. O-O-O gxf5 21. Qb3+
Kh8 22. Rhf1 Nxd6 23. cxd6 Qxd6 24. Bf4 Qe7 25. Kb1 b5 26. Nb2 a5 27. Bxb5 Nc5
28. Qc2 Be6 29. Ndc4 Qf6 30. Be5 Qf7 31. Bd6 Qf6 32. Bxc5 Bxc4 33. Bxc4 Qc6 34.
Bd5 1-0